Strategic HR Analytics:Driving Business Decisions (Record no. 13951)

MARC details
000 -LEADER
fixed length control field 00456nam a22001817a 4500
003 - CONTROL NUMBER IDENTIFIER
control field OSt
008 - FIXED-LENGTH DATA ELEMENTS--GENERAL INFORMATION
fixed length control field 260502b |||||||| |||| 00| 0 eng d
020 ## - INTERNATIONAL STANDARD BOOK NUMBER
International Standard Book Number 9789365572704
082 ## - DEWEY DECIMAL CLASSIFICATION NUMBER
Classification number 658.3 BHS
100 ## - MAIN ENTRY--PERSONAL NAME
Personal name BHATIA,Rashmi
245 ## - TITLE STATEMENT
Title Strategic HR Analytics:Driving Business Decisions
250 ## - EDITION STATEMENT
Edition statement 1st Ed
260 ## - PUBLICATION, DISTRIBUTION, ETC. (IMPRINT)
Place of publication, distribution, etc New Delhi
Name of publisher, distributor, etc Himalaya Publishing
Date of publication, distribution, etc 2024
300 ## - PHYSICAL DESCRIPTION
Extent 207p.
700 ## - ADDED ENTRY--PERSONAL NAME
Personal name BHATIA,Arun
942 ## - ADDED ENTRY ELEMENTS (KOHA)
Source of classification or shelving scheme Dewey Decimal Classification
Koha item type Reference Books
Holdings
Withdrawn status Lost status Source of classification or shelving scheme Damaged status Not for loan Collection code Home library Current library Date acquired Source of acquisition Currency Cost, normal purchase price Bill Number Total Checkouts Full call number Acc. no. / Barcode Date last seen Actual Cost, discounted price Bill Date Koha item type
    Dewey Decimal Classification     MBA PIET C-LIBRARY PIET C-LIBRARY 22/04/2026 Zaffa Books INR 575.00 ZBD2026-27-0024   658.3 BHS 40050 02/05/2026 416.87 22/04/2026 Reference Books
    Dewey Decimal Classification     MBA PIET C-LIBRARY PIET C-LIBRARY 22/04/2026 Zaffa Books INR 575.00 ZBD2026-27-0024   658.3 BHS 40051 02/05/2026 416.87 22/04/2026 Text Books
    Dewey Decimal Classification     MBA PIET C-LIBRARY PIET C-LIBRARY 22/04/2026 Zaffa Books INR 575.00 ZBD2026-27-0024   658.3 BHS 40052 02/05/2026 416.87 22/04/2026 Text Books
    Dewey Decimal Classification     MBA PIET C-LIBRARY PIET C-LIBRARY 22/04/2026 Zaffa Books INR 575.00 ZBD2026-27-0024   658.3 BHS 40053 02/05/2026 416.87 22/04/2026 Text Books
    Dewey Decimal Classification     MBA PIET C-LIBRARY PIET C-LIBRARY 22/04/2026 Zaffa Books INR 575.00 ZBD2026-27-0024   658.3 BHS 40054 02/05/2026 416.87 22/04/2026 Text Books
    Dewey Decimal Classification     BBA(Business Analytics) PIET C-LIBRARY PIET C-LIBRARY 13/05/2026 Zafaa Books and Distributors INR 575.00 ZBD2026-27-0042   658.3 BHS 40254 21/05/2026 416.87 13/05/2026 Text Books
    Dewey Decimal Classification     BBA(Business Analytics) PIET C-LIBRARY PIET C-LIBRARY 13/05/2026 Zafaa Books and Distributors INR 575.00 ZBD2026-27-0042   658.3 BHS 40255 21/05/2026 416.87 13/05/2026 Text Books
    Dewey Decimal Classification     BBA(Business Analytics) PIET C-LIBRARY PIET C-LIBRARY 20/05/2026 Zafaa Books and Distributors INR 575.00 ZBD2026-27-0053   658.3 BHS 40262 26/05/2026 416.87 20/05/2026 Text Books
    Dewey Decimal Classification     BBA(Business Analytics) PIET C-LIBRARY PIET C-LIBRARY 20/05/2026 Zafaa Books and Distributors INR 575.00 ZBD2026-27-0053   658.3 BHS 40263 26/05/2026 416.87 20/05/2026 Text Books
    Dewey Decimal Classification     BBA(Business Analytics) PIET C-LIBRARY PIET C-LIBRARY 20/05/2026 Zafaa Books and Distributors INR 575.00 ZBD2026-27-0053   658.3 BHS 40272 26/05/2026 416.87 20/05/2026 Text Books

Design & Developed by: PIET Central Library
R70 Miles Stone Pattikalyana Samalkha Panipat 132102
mail ID :- [email protected], Phone No:- 0180-2569700 Ex.216